000 02041nam2a2200337 4500
001 rc\2918154
005 20260406004615.0
010 _bВ пер.
_d8 р.
_93000
021 _aRU
_b[36 Л2639]
035 _a(NLR Aleph) 007068457
090 _a13594760
_c13594760
100 _a20110811d1936 k y0rusy50 ca
101 0 _arus
102 _aRU
105 _aad g |||||
200 1 _aСредняя часть моря
_fГидрографический отдел УМС РККА
_g[лоция составлена К.С. Уховым
_gФизико-географический обзор Балтийского моря составил Л.Ф. Рудовиц
_gобщее редактирование выполнено А.Г. Гедримовичем]
210 _aЛенинград
_cИздательство и картотипография Гидрографического отдела УМС РККА
_d1936
215 _aПереплет, XXXVI, 299 с., 3 вкл. л. карт. и табл.
_cил., карт., табл.
300 _aАвторы указаны в предисловии
461 0 _1001rc\2918150
_12001#$aЛоция Балтийского моря$fГидрогр. упр. РККФ$vЧ. 2
_96356142
_cЛенинград
_d1936-1960
_fГидрографическое управление РККФ
_nКартотипография Гидрографического управления РККФ
_tЛоция Балтийского моря
_vЧ. 2
607 _aБалтийское море
_xЛоция
_91088397
_3RU\NLR\AUTH\66107573
686 1 _aО471.12,1(922.0)
702 1 _aУхов
_bК. С.
_gКонстантин Сергеевич
_4220
702 1 _4220
_8rus
_7ca
_aРудовиц
_bЛ. Ф.
_f1879-1966
_gЛео Фрицович
_3RU\NLR\AUTH\77114127
_997052
702 1 _aГедримович
_bА. П.
_f1884-1953
_gАлександр Петрович
_4340
801 0 _aRU
_bNLR
_gpsbo
801 1 _aRU
_bELAR
_2rusmarc
852 _aNLR
_j36-19/42 (2)
942 _cUNSPEC
980 _aNB